Prevention and control of pain in children: (Record no. 830)

MARC details
000 -LEADER
fixed length control field 00669nam a22001937a 4500
003 - CONTROL NUMBER IDENTIFIER
control field OSt
005 - DATE AND TIME OF LATEST TRANSACTION
control field 20141216150125.0
008 - FIXED-LENGTH DATA ELEMENTS--GENERAL INFORMATION
fixed length control field 141216b xxu||||| |||| 00| 0 eng d
020 ## - INTERNATIONAL STANDARD BOOK NUMBER
International Standard Book Number 0727911783
040 ## - CATALOGING SOURCE
Transcribing agency DNLM
082 ## - DEWEY DECIMAL CLASSIFICATION NUMBER
Classification number WA 320 P928 1997
100 ## - MAIN ENTRY--PERSONAL NAME
Personal name Royal college of Paediatrics and child health
9 (RLIN) 2246
245 ## - TITLE STATEMENT
Title Prevention and control of pain in children:
Remainder of title A manual for health care professionals /
Statement of responsibility, etc. Royal college of Paediatrics and child health
260 ## - PUBLICATION, DISTRIBUTION, ETC. (IMPRINT)
Place of publication, distribution, etc. London:
Name of publisher, distributor, etc. BMJ publishing group;
Date of publication, distribution, etc. 1997
300 ## - PHYSICAL DESCRIPTION
Extent xi,116 p :
Other physical details ill;
Dimensions 26 cm.
504 ## - BIBLIOGRAPHY, ETC. NOTE
Bibliography, etc Includes bibliographical references and index.
650 ## - SUBJECT ADDED ENTRY--TOPICAL TERM
Topical term or geographic name as entry element Pain in children
9 (RLIN) 2247
942 ## - ADDED ENTRY ELEMENTS (KOHA)
Source of classification or shelving scheme Other/Generic Classification Scheme
Koha item type Short Loan
Holdings
Withdrawn status Lost status Source of classification or shelving scheme Damaged status Not for loan Home library Current library Date acquired Source of acquisition Inventory number Total Checkouts Full call number Barcode Date last seen Price effective from Koha item type
    Other/Generic Classification Scheme     MUST Main Library MUST Main Library 16/12/2014   2001/15136   WA 320 P928 1997 2014-3460 16/12/2014 16/12/2014 Short Loan